| 000 | 00763nam a2200241Ia 4500 | ||
|---|---|---|---|
| 003 | GCL | ||
| 008 | 140319s9999 xx 000 0 ara d | ||
| 040 |
_aGCL / _cGCL |
||
| 082 | 0 | 4 |
_aط _b507 _bد ك |
| 100 | 1 | _aعمر كامل الوكيل (مترجم) | |
| 245 | 1 | 0 |
_aالمنطقتان المتجمدتان / _cعمر كامل الوكيل (مترجم) |
| 700 | 1 | _aسبيرى، ارمسترونج | |
| 260 |
_a[S.N] : _bدار المعارف ، _c1992 |
||
| 300 | _a99 | ||
| 490 |
_aكل شىء عن _v0 |
||
| 650 | 0 | 4 | _aالاطفال |
| 650 | 0 | 4 | _aالعلوم |
| 650 | 0 | 4 | _aالتاريخ الاجتماعى |
| 650 | 0 | 4 | _aالتاريخ الطبيعى |
| 650 | 0 | 4 | _aالحيوان |
| 650 | 0 | 4 | _aالحيوانات - تربية |
| 942 |
_2ddc _cBK |
||
| 999 |
_c57976 _d57976 |
||